000150156 001__ 150156
000150156 005__ 20251017144654.0
000150156 0247_ $$2doi$$a10.1186/s40100-025-00347-9
000150156 0248_ $$2sideral$$a142379
000150156 037__ $$aART-2025-142379
000150156 041__ $$aeng
000150156 100__ $$0(orcid)0000-0002-6347-2908$$aLopéz-Galán, Belinda
000150156 245__ $$aExploring consumer preferences and policy implications in local food systems: Does taste or labeling matter in honey?
000150156 260__ $$c2025
000150156 5060_ $$aAccess copy available to the general public$$fUnrestricted
000150156 5203_ $$aThis study analyses the influence of geographical origin and taste on honey consumer behavior. First, we explore the influence of geographical origin on consumers’ hedonic evaluation of honey. We then assess the influence of geographical origin and taste on their willingness to pay (WTP) for honey. We conducted a field experiment at a real supermarket. The participants were exposed to two treatments (blind and informed treatment). The findings showed that knowledge about the geographical origin of honey influences consumers’ hedonic evaluations and that the WTP for honey is more strongly influenced by geographical origin than by taste.
000150156 536__ $$9info:eu-repo/grantAgreement/ES/MICINN/PCI2022-132917
000150156 540__ $$9info:eu-repo/semantics/openAccess$$aby$$uhttps://creativecommons.org/licenses/by/4.0/deed.es
000150156 655_4 $$ainfo:eu-repo/semantics/article$$vinfo:eu-repo/semantics/publishedVersion
000150156 700__ $$0(orcid)0000-0001-5480-183X$$aMagistris, Tiziana de
000150156 773__ $$g13, 4 (2025), 20$$tAgricultural and Food Economics$$x2193-7532
000150156 8564_ $$s1381228$$uhttps://zaguan.unizar.es/record/150156/files/texto_completo.pdf$$yVersión publicada
000150156 8564_ $$s2192122$$uhttps://zaguan.unizar.es/record/150156/files/texto_completo.jpg?subformat=icon$$xicon$$yVersión publicada
000150156 909CO $$ooai:zaguan.unizar.es:150156$$particulos$$pdriver
000150156 951__ $$a2025-10-17-14:37:32
000150156 980__ $$aARTICLE